00226 a2200109 4500001000700000020000600007040001100013100003000024240002900054245002400083362000900107161647 a  cMagnum aAraujo, Elizabete Andrade10aDona dor me visitoulpor10aDona dor me visitou0 a1899